000 00821nam a2200277 a 4500
001 000010474
003 DO-SdBNP
005 20171024103524.0
007 000010474
008 091007s1986 dr 000 p spa d
040 _aBPMSU
_bspa
_cBPMSU
082 _aRD861.44
_bM742t
100 1 _aMonegro, Juan
_d1949-
245 1 0 _aTres estaciones para un viaje /
_cJuan Monegro.
260 _aSanto Domingo, :
_bBiblioteca Nacional,
_c1986.
300 _a57 p. ;
_bil.
_c23 cm.
490 0 _aOrfeo
500 _aIncluye datos biográficos del autor en la contracubierta
650 4 _aPOESÍA DOMINICANA
650 4 _aLITERATURA DOMINICANA
830 0 _aOrfeo
910 _aValidado. Control de calidad MFF
942 _2ddc
_cBK
945 _aInventariado / 2017 VM
956 _aVMATEO
_b10
_c20150623
_lBPMSU
_h00151
999 _c7928
_d7928